Das Ostpreußenblatt
| Titel: | Das Ostpreußenblatt : unabhängige Wochenzeitung für Deutschland / Landsmannschaft Ostpreußen e.V. |
|---|---|
| Körperschaft: | |
| Veröffentlicht: |
Hamburg : Landsmannschaft, 1950-2003 Leer, Ostfriesland : Rautenberg & Möckel, anfangs |
| Erscheinungsverlauf: | [1.]1950,März(Probenr.); 1.1950,1(5.Apr.) - 54.2003,15(12.Apr.) |
| Format: | Zeitschrift, Zeitung |
| Sprache: | Deutsch | Auch als: | Mikrofilm-Ausg.: Hamburg : Staats- Univ.-Bibl., 1999. - Mikrofilm-Ausg.: Berlin : Deutscher Bundestag, Pressedokumentation. 30 Mikrofilmrollen. - Mikrofilm-Ausg.: Dortmund : Mikrofilmarchiv der Deutschsprachigen Presse e.V. (MFA).12 Mikrofilmrollen, 1999-1999 |
| Frühere/Spätere Titel: | Hervorgeg. aus: . Wir Ostpreußen Forts.: . Preußische Allgemeine |
| Andere Ausgaben: |
Erscheint auch als Online-Ausgabe: Das Ostpreußenblatt. - Hamburg : Landsmannschaft Ostpreußen e.V., 1950-2003. - Online-Ressource
|
| ISSN: | 0947-9597 |
X
| Lokale Klassifikation: | 6 15 A |
|---|
alg: 4778083
001A $06050:20-06-96
001B $06050:07-04-26 $t16:27:59.000
001D $06050:09-10-15
001U $0utf8
001X $00
002@ $0Abvc
002C $aText $btxt $2rdacontent
002D $aohne Hilfsmittel zu benutzen $bn $2rdamedia
002D $aMikroform $bh $2rdamedia
002E $aBand $bnc $2rdacarrier
002E $aMikrofilmrolle $bhj $2rdacarrier
003@ $0047780835
003O $0643785206 $aOCoLC
005A $00947-9597
005A $f: DM 10.60 (monatl.)
005I $00947-9597 $fDas Ostpreussenblatt (Hamburg)
006D $0943443709
006U $095,B10,0174
006Z $0529299-2
007A $0529299-2 $aZDB
010@ $ager
011@ $a1950 $b2003 $n1950-2003
011B $a1999 $b1999
013D $RPresse $RFortlaufendes Sammelwerk $#Newspapers $#Newspapers Sections, columns, etc. $#Journaux $#Journaux Cahiers, chroniques, etc. $#Giornali $#Artículos periodísticos $#Periódicos $#newspapers $#Zeitung $#Zeitung $#Tageszeitung $#Zeitung $#Tagespresse $#Tageszeitung $#Gazette $#Zeitungen $74067510-5 $8Zeitung [Ts1] $9085189790
013H $0sm
016E $auuuu000uuau
016E $aduuu000uuau
016E $aduuu000uuau
018@ $0w;e
021A $aDas @Ostpreußenblatt $dunabhängige Wochenzeitung für Deutschland $hLandsmannschaft Ostpreußen e.V.
029F $BHerausgebendes Organ $#LMO $#Landsmannschaft Ostpreußen e.V. $#Landsmannschaft Ostpreußen Werbung und Vertrieb $4isb $72017629-6 $8Landsmannschaft Ostpreußen [Tb1] $9042721040
031@ $a[1.]1950,März(Probenr.); 1.1950,1(5.Apr.) - 54.2003,15(12.Apr.)
031N $0 $01 $b5 $b4 $b1950 $c3 $d1 $e1 $j1950 $k2003 $l12 $m4 $n54 $o15
033A $pHamburg $nLandsmannschaft
033A $pLeer, Ostfriesland $hanfangs $zf $nRautenberg & Möckel
033H $8Hamburg [Tg1] $9085056995
033H $8Leer (Ostfriesland) [Tg1] $9085094374
033N $pHamburg $nStaats- u. Univ.-Bibl.
033N $pBerlin $nDeutscher Bundestag, Pressedokumentation
033N $pDortmund $nMikrofilmarchiv der Deutschsprachigen Presse e.V. (MFA)
037A $aVerantw. Red.: Hugo Wellems
037G $aMikrofilm-Ausg.: $bHamburg : Staats- Univ.-Bibl., 1999. - Mikrofilm-Ausg.: Berlin : Deutscher Bundestag, Pressedokumentation. 30 Mikrofilmrollen. - Mikrofilm-Ausg.: Dortmund : Mikrofilmarchiv der Deutschsprachigen Presse e.V. (MFA).12 Mikrofilmrollen
039D $aErscheint auch als $8--Obvc--. Das @Ostpreußenblatt. - Hamburg : Landsmannschaft Ostpreußen e.V., 1950-2003. - Online-Ressource $9306300273 $nOnline-Ausgabe
039E $aHervorgeg. aus $bf $8--Abvc--. Wir Ostpreußen $9047780827
039E $aForts. $bs $8--Abvc--. Preußische Allgemeine $9111031966
045E $a61 $a63 $a16
045T $a7,41 $a8,1
045U $e360
046D $aOrgan der Landsmannschaft Ostpreußen $bZusatz anfangs
046P $a29.1978,11 nicht ersch. - Periodizität: wöchentl., anfangs 14-tägl.
046X $aArchivierung/Langzeitarchivierung gewährleistet $5DE24 $fSLG $xXA-DE-BW $zBfZ
046X $aArchivierung/Langzeitarchivierung gewährleistet $5DE-18 $fPEHH $xXA-DE-HH
lok: 4778083 23
exp: 4778083 23 1 #EPN
201B/01 $010-01-25 $t13:28:12.000
201C/01 $007-03-17
201U/01 $0utf8
203@/01 $0802142788
206@/01 $a38 ZA 12 $ds $f030 $lkx
208@/01 $a07-03-17 $bp
209A/01 $a38 ZA 12 $df $f030 $x00 $lkx
209E/01 $a31.1980; 33.1982; 35.1984 - 47.1996 $x02
209E/01 $aWegen Bautätigkeit vorübergehend nicht benutzbar $x04
209G/01 $aMagazin $x01
231@/01 $0 $033 $01982 $0 $035 $01984 $d31 $j1980 $k1996 $n47
247C/01 $8352030-4 <34/30>Kassel, UB Kassel, Standort Brüder-Grimm-Platz, Landesbibliothek und Murhardsche Bibliothek der Stadt Kassel $9102599475
lok: 4778083 24
101B $004-12-02 $t16:34:00.225
145S/01 $a570
145Z/01 $a6 15 A
101U $0utf8
exp: 4778083 24 1 #EPN
201B/01 $018-11-20 $t16:46:39.000
201U/01 $0utf8
203@/01 $0086017233
208@/01 $a04-03-99 $bp
209A/01 $a2° - 6 XV AZ 2 $f050 $h6 15 AZ 2 $x00
209E/01 $a1.1950; 2.1951,1-26{cpl.}; 3.1952 - 54.2003,15 $x02
209E/01 $az.T. Fotokopie $x04
209G/01 $aGroßformat $x01
220C/01 $aR. - O//21.01.02. - Austausch durch geb. Ex.//18.11.20//Ho-Sz
231@/01 $0 $02 $01951 $0 $03 $01952 $d1 $j1950 $k2003 $n54
247C/01 $8358050-7 Marburg, Bibliothek des Herder-Instituts Marburg $9102600961
exp: 4778083 24 2 #EPN
201B/02 $018-12-12 $t09:12:13.000
201U/02 $0utf8
203@/02 $0125335040
208@/02 $a04-03-99 $bp
209A/02 $a2° - 6 XV AZ 2 b $f050 $h6 15 AZ 2 / + 2 $x00
209E/02 $a2. Ex. $x01
209E/02 $a1.1950; 32.1981,1-47u.49-52; 45.1994,30 $x02
209E/02 $az.T. Fotokopie $x04
220C/02 $aR. - O//21.01.02
231@/02 $0 $032 $01981 $0 $045 $01994 $d1 $j1950
247C/02 $8358050-7 Marburg, Bibliothek des Herder-Instituts Marburg $9102600961
exp: 4778083 24 3 #EPN
201B/03 $009-01-06 $t10:03:20.000
203@/03 $0131885995
208@/03 $a04-03-99 $bp
209A/03 $a6 XV AZ 2 - Reg. $f050 $h6 15 AZ 2 REG $x00
209E/03 $a- Index zu $x01
209E/03 $a5.1954 - 18.1967 $x02
220C/03 $aR. - O//21.01.02
231@/03 $d5 $j1954 $k1967 $n18
247C/03 $8358050-7 Marburg, Bibliothek des Herder-Instituts Marburg $9102600961
201U/03 $0utf8
exp: 4778083 24 4 #EPN
201B/04 $005-03-20 $t10:31:54.000
201C/04 $005-03-20
201U/04 $0utf8
203@/04 $01085351122
208@/04 $a05-03-20 $bgp
209A/04 $aERes 1017 $dd $f050 $hERES 1017 $x00
209E/04 $a2002; 2003 $x02
209E/04 $aSicherheitsdigitalisat. – Papierausdruck möglich $x04
220C/04 $a(O)//heu. – [e/G:sAL, Sicherheitskopie auf CD]. - kein Si-Scan angefertigt, da Format ungeeignet//05.03.20//heu-bar
247C/04 $8358050-7 Marburg, Bibliothek des Herder-Instituts Marburg $9102600961
exp: 4778083 24 5 #EPN
201B/05 $005-03-20 $t10:31:54.000
201C/05 $005-03-20
201U/05 $0utf8
203@/05 $01085351130
208@/05 $a05-03-20 $bgp
209A/05 $aERes 1018 $dd $f050 $hERES 1018 $x00
209E/05 $a2002/2003 $x02
209E/05 $aSicherheitsdigitalisat. – Papierausdruck möglich $x04
220C/05 $a(O)//heu. – [e/G:sAL, Sicherheitskopie auf CD, kum.]. - kein Si-Scan angefertigt, da Format ungeeignet//05.03.20//heu-bar
247C/05 $8358050-7 Marburg, Bibliothek des Herder-Instituts Marburg $9102600961
lok: 4778083 78
exp: 4778083 78 1 #EPN
201B/01 $019-04-17 $t14:23:27.000
201U/01 $0utf8
203@/01 $079098671X
208@/01 $a12-11-16 $be
209A/01 $a/ $f000 $x00
220C/01 $aTitelaufnehmer: stud
237A/01 $aweiterführende Signatur(en): 2ı 6 XV AZ 2
244Z/01 $2Trx $#Prusy Wschodnie i Zachodnie $8--Trx--Ost- und Westpreußen $x01 $939113373X
245Z/01 $a01.02 $x01
247C/01 $82080>Marburg/Lahn, Herder-Institut, Forschungsbibliothek, Bibliographieportal $9336309341
| LEADER | 00000cas a2200000 c 4500 | ||
|---|---|---|---|
| 001 | 047780835 | ||
| 003 | DE-603 | ||
| 005 | 20260407162759.0 | ||
| 007 | tu | ||
| 007 | hu uuu000uuau | ||
| 007 | hd uuu000uuau | ||
| 007 | hd uuu000uuau | ||
| 008 | 960620d19502003xx w| p| | 0 |1ger c | ||
| 015 | |a 95,B10,0174 |2 dnb | ||
| 016 | 7 | |2 DE-600 |a 529299-2 | |
| 022 | |a 0947-9597 | ||
| 022 | |a 0947-9597 |2 6 | ||
| 035 | |a (DE-599)ZDB529299-2 | ||
| 035 | |a (OCoLC)643785206 | ||
| 040 | |a DE-603 |b ger |c DE-603 |d DE-603 | ||
| 041 | |a ger | ||
| 084 | |a 61 |a 63 |a 16 |q DE-101 |2 sdnb | ||
| 084 | |a 7,41 |a 8,1 |2 ssgn | ||
| 084 | |a 360 |q DE-600 |2 sdnb | ||
| 245 | 0 | 0 | |a Das Ostpreußenblatt |b unabhängige Wochenzeitung für Deutschland |c Landsmannschaft Ostpreußen e.V. |
| 247 | 0 | 0 | |f Zusatz anfangs |a Organ der Landsmannschaft Ostpreußen |
| 264 | 2 | 1 | |a Leer, Ostfriesland |b Rautenberg & Möckel |c anfangs |
| 264 | 3 | 1 | |a Hamburg |b Landsmannschaft |c 1950-2003 |
| 336 | |a Text |b txt |2 rdacontent | ||
| 337 | |a ohne Hilfsmittel zu benutzen |b n |2 rdamedia | ||
| 337 | |a Mikroform |b h |2 rdamedia | ||
| 338 | |a Band |b nc |2 rdacarrier | ||
| 338 | |a Mikrofilmrolle |b hj |2 rdacarrier | ||
| 362 | 0 | |a [1.]1950,März(Probenr.); 1.1950,1(5.Apr.) - 54.2003,15(12.Apr.) | |
| 363 | 0 | 0 | |8 1.1\x |a 1 |j 3 |i 1950 |
| 363 | 0 | 0 | |8 2.1\x |a 1 |b 1 |k 5 |j 4 |i 1950 |
| 363 | 1 | 0 | |8 2.2\x |a 54 |b 15 |k 12 |j 4 |i 2003 |
| 365 | |b : DM 10.60 (monatl.) | ||
| 500 | |a Verantw. Red.: Hugo Wellems | ||
| 515 | |a 29.1978,11 nicht ersch. - Periodizität: wöchentl., anfangs 14-tägl. | ||
| 530 | |a Mikrofilm-Ausg.: Hamburg : Staats- Univ.-Bibl., 1999. - Mikrofilm-Ausg.: Berlin : Deutscher Bundestag, Pressedokumentation. 30 Mikrofilmrollen. - Mikrofilm-Ausg.: Dortmund : Mikrofilmarchiv der Deutschsprachigen Presse e.V. (MFA).12 Mikrofilmrollen | ||
| 533 | |a Mikrofilm-Ausg. |b Hamburg |c Staats- u. Univ.-Bibl. |b Berlin |c Deutscher Bundestag, Pressedokumentation |b Dortmund |c Mikrofilmarchiv der Deutschsprachigen Presse e.V. (MFA) |d 1999-1999 |7 d19991999xx u| | ||
| 655 | 7 | |a Zeitung |2 gnd-content |0 (DE-588)4067510-5 |0 (DE-603)085189790 | |
| 710 | 2 | |a Landsmannschaft Ostpreußen |e Herausgebendes Organ |4 isb |0 (DE-603)042721040 |0 (DE-588)2017629-6 |2 gnd | |
| 776 | 0 | 8 | |i Erscheint auch als |n Online-Ausgabe |t Das Ostpreußenblatt |d Hamburg : Landsmannschaft Ostpreußen e.V., 1950-2003 |h Online-Ressource |w (DE-603)306300273 |w (DE-600)2675871-4 |
| 780 | 0 | 0 | |i Hervorgeg. aus |t Wir Ostpreußen |w (DE-603)047780827 |w (DE-600)529298-0 |
| 785 | 0 | 0 | |i Forts. |t Preußische Allgemeine |w (DE-603)111031966 |w (DE-600)2107436-7 |
| 924 | 0 | |9 34/30 |a (DE-603)802142788 |b DE-34-30 |c HES |d b |g 38 ZA 12 |h Magazin |m 31 |q 1980 |w ; |m 33 |q 1982 |w ; |m 35 |q 1984 |r 47 |v 1996 |z 31.1980; 33.1982; 35.1984 - 47.1996 | |
| 924 | 0 | |9 Mb 50 |a (DE-603)086017233 |b DE-Mb50 |c HES |d c |g 2° - 6 XV AZ 2 |h Großformat |m 1 |q 1950 |w ; |m 2 |q 1951 |w ; |m 3 |q 1952 |r 54 |v 2003 |z 1.1950; 2.1951,1-26{cpl.}; 3.1952 - 54.2003,15 | |
| 924 | 0 | |9 Mb 50 |a (DE-603)125335040 |b DE-Mb50 |c HES |d c |g 2° - 6 XV AZ 2 b |m 1 |q 1950 |w ; |m 32 |q 1981 |w ; |m 45 |q 1994 |z 1.1950; 32.1981,1-47u.49-52; 45.1994,30 | |
| 924 | 0 | |9 Mb 50 |a (DE-603)131885995 |b DE-Mb50 |c HES |d c |g 6 XV AZ 2 - Reg. |m 5 |q 1954 |r 18 |v 1967 |z 5.1954 - 18.1967 | |
| 924 | 0 | |9 Mb 50 |a (DE-603)1085351122 |b DE-Mb50 |c HES |d d |g ERes 1017 |z 2002; 2003 | |
| 924 | 0 | |9 Mb 50 |a (DE-603)1085351130 |b DE-Mb50 |c HES |d d |g ERes 1018 |z 2002/2003 | |
| 924 | 0 | |9 2080 |a (DE-603)79098671X |b DE-2080 |c HES |d d |g / | |


